| 000 | 00000nam##2200000za#4500 |
| 001 | 9.659510 |
| 003 | CaOODSP |
| 005 | 20200401083756 |
| 007 | ta |
| 008 | 150407|1997||||xxc||||| f|0| 0 fre|d |
| 020 | |a0-662-63101-3 |
| 040 | |aCaOODSP|bfre |
| 041 | |aeng |
| 041 | |afre |
| 043 | |an-cn--- |
| 086 | 1 |aRC31-3/1997 |
| 110 | 1 |aCanada.|bCommission des revendications des Indiens. |
| 245 | 10|aGuide d'information |
| 260 | |aOttawa - Ontario : |bCommission des revendications des Indiens |c1997. |
| 300 | |aTexte français, 12p. : |bfigure, ill. ; |c23 cm. |
| 546 | |aBilingue |
| 563 | |aCouverture souple |
| 590 | |a97-42|b1997-10-17 |
| 776 | 0#|tCommission des revendications des Indiens, guide d'information |w(CaOODSP)9.642292 |
| 776 | 0#|tIndian Claims Commission information guide |w(CaOODSP)9.698280 |
| 791 | |tInformation guide |eeng|w(CaOODSP)9.659509 |